Normal view MARC view

Entry Personal Name

Number of records used in: 8

001 - CONTROL NUMBER

  • control field: 1237194

003 - CONTROL NUMBER IDENTIFIER

  • control field: OSt

005 - DATE AND TIME OF LATEST TRANSACTION

  • control field: 20260430150334.0

008 - FIXED-LENGTH DATA ELEMENTS

  • fixed length control field: 260430|| aca||aabn | a|a d

040 ## - CATALOGING SOURCE

  • Original cataloging agency: OSt
  • Transcribing agency: OSt

100 ## - HEADING--PERSONAL NAME

  • Personal name: University of Delhi. Faculty of Commerce and Business Studies. Deptt. of Finance and Business Economics

670 ## - SOURCE DATA FOUND

  • Source citation: Work cat.: (OSt)1849549: Aggarwal Vandana Au.; Sehgal Sanjay Gu.; Mishra Ritesh Kumar Gu. 1237193, Study of Investment and Regulatory Aspects of Deep-Sea Mining in the Indian Ocean, 2022
Copyright @ Delhi University Library System